Statistics for Countries and Capitals of the World by map

Click here to take the quiz!

General Stats

  • This quiz has been taken 3,753 times
  • The average score is 293 of 392

Answers on the Map

Answers color-coded by a green-red scale on the quiz's map according to % correct below.
 

Answer Stats

HintHintCountry% Correct
151.0182.0Mexico
93%
Mexico City
93%
153129United States
93%
14366Canada
92%
Washington D.C.
91%
Ottawa
89%
266294Brazil
88%
386105France
86%
London
86%
198232.5Panama
86%
Panama City
86%
Paris
86%
Rome
86%
57752Russia
86%
37786United Kingdom
86%
234.0373.0Argentina
85%
43752Finland
85%
Madrid
85%
Moscow
85%
401.757Norway
85%
384.0118.7Andorra
84%
Berlin
84%
427.6239.0Central African Republic
84%
218384Chile
84%
615.0140.9China
84%
206.0190.2Cuba
84%
404.089.9Germany
84%
34143Iceland
84%
556185.9India
84%
363.082.5Ireland
84%
416.4124.2Italy
84%
Oslo
84%
208292Peru
84%
372127.5Spain
84%
414.360.5Sweden
84%
683.0342.0Australia
83%
216.3247.5Colombia
83%
401.573.5Denmark
83%
Dublin
83%
430129Greece
83%
177.4210.0Guatemala
83%
Guatemala City
83%
Kiev
83%
Lisbon
83%
394.394.2Luxembourg
83%
423.687.1Poland
83%
361.7127.6Portugal
83%
460.3130.6Turkey
83%
450.696.0Ukraine
83%
408.5120.7Vatican City
83%
528.0149.2Afghanistan
82%
Amsterdam
82%
Athens
82%
414.2100.9Austria
82%
209.0180.9Bahamas
82%
Beijing
82%
443.481.2Belarus
82%
236.0319.0Bolivia
82%
Brasilia
82%
204.0265.5Ecuador
82%
447.0171.3Egypt
82%
439.064.8Estonia
82%
478.8149.9Iraq
82%
693.3140.0Japan
82%
614.2104.1Mongolia
82%
39386.9Netherlands
82%
665.7127North Korea
82%
535.7164.2Pakistan
82%
248.9339.7Paraguay
82%
669139South Korea
82%
Stockholm
82%
Tokyo
82%
254.9370.2Uruguay
82%
232235Venezuela
82%
425.5124.0Albania
81%
384.2167.2Algeria
81%
391.091.0Belgium
81%
Brussels
81%
Buenos Aires
81%
437.8117.9Bulgaria
81%
Cairo
81%
414.093.8Czech Republic
81%
248242Guyana
81%
Helsinki
81%
424.4103.1Hungary
81%
635.5264Indonesia
81%
501.3152.5Iran
81%
533.0100.0Kazakhstan
81%
438.070.6Latvia
81%
434.376.3Lithuania
81%
397.2114.5Monaco
81%
366.0153.5Morocco
81%
New Delhi
81%
776.7391.9New Zealand
81%
436.7107.1Romania
81%
408.5113.9San Marino
81%
431365South Africa
81%
608.0207.9Thailand
81%
Warsaw
81%
180.9203.6Belize
80%
Copenhagen
80%
192.0228.0Costa Rica
80%
418.0108.0Croatia
80%
433.0267.2Democratic Republic
of the Congo
80%
221197Dominican Republic
80%
218196Haiti
80%
184.5210.7Honduras
80%
459.0157.0Israel
80%
206200.2Jamaica
80%
Lima
80%
486.0324.3Madagascar
80%
610.3247.2Malaysia
80%
412.9141.1Malta
80%
569.8166.5Nepal
80%
188.2218.1Nicaragua
80%
403.3203.9Niger
80%
509.33187.2Oman
80%
Reykjavik
80%
482.1179.9Saudi Arabia
80%
Seoul
80%
423.098.0Slovakia
80%
413.0106.5Slovenia
80%
448.5209.5Sudan
80%
254.4248.1Suriname
80%
398.4103.5Switzerland
80%
467.0143.0Syria
80%
Tunis
80%
502.0182.5United Arab Emirates
80%
Vienna
80%
624.3219.9Vietnam
80%
488.3208.2Yemen
80%
480.5125.0Armenia
79%
487.6125.0Azerbaijan
79%
421.0113.0Bosnia and
Herzegovina
79%
Budapest
79%
616.0219.1Cambodia
79%
Canberra
79%
455.3143.7Cyprus
79%
242.4209.5Dominica
79%
180.4215.0El Salvador
79%
479120Georgia
79%
Havana
79%
462.3158.9Jordan
79%
465.8259.9Kenya
79%
487.0162.9Kuwait
79%
Kuwait City
79%
610.3194.9Laos
79%
419.3172.9Libya
79%
444.4102.0Moldova
79%
423.7117.8Montenegro
79%
398.0230.8Nigeria
79%
429.5121.7North Macedonia
79%
703.7282.4Papua New Guinea
79%
657220.6Philippines
79%
Prague
79%
416.9260.5Republic of the Congo
79%
427.6113.0Serbia
79%
Sofia
79%
401148Tunisia
79%
525122.5Uzbekistan
79%
420.0301.2Angola
78%
Ankara
78%
583.0181.8Bangladesh
78%
Bern
78%
Bogota
78%
422.6209.4Chad
78%
476.4221.6Djibouti
78%
470.0234.2Ethiopia
78%
Jerusalem
78%
427.5118.5Kosovo
78%
461.7146.8Lebanon
78%
402.0103.1Liechtenstein
78%
597.0188.5Myanmar
78%
Santiago
78%
347212Senegal
78%
614.2256.7Singapore
78%
488230Somalia
78%
449.6239.5South Sudan
78%
513.0130.6Turkmenistan
78%
453.1256.6Uganda
78%
241.4204.0Antigua and Barbuda
77%
246.5217.0Barbados
77%
584.1169.4Bhutan
77%
Bucharest
77%
378.2234.5Ghana
77%
353.3224.2Guinea
77%
548.0122.0Kyrgyzstan
77%
377202.2Mali
77%
Minsk
77%
Pretoria, Cape Town, or Bloemfontein
77%
495.7176.2Qatar
77%
243.2214.6Saint Lucia
77%
562235.3Sri Lanka
77%
652.9182.1Taiwan
77%
383.0232.4Togo
77%
242.5226.6Trinidad and Tobago
77%
447.0325.0Zimbabwe
77%
Algiers
76%
Baghdad
76%
494.3174.0Bahrain
76%
Bangkok
76%
385.7225.0Benin
76%
435.0336.1Botswana
76%
377.0219.0Burkina Faso
76%
407.0247.0Cameroon
76%
782.9320.1Fiji
76%
368.0235.9Ivory Coast
76%
545.9248.9Maldives
76%
354195.5Mauritania
76%
467309.5Mozambique
76%
418328Namibia
76%
447.8267.7Rwanda
76%
239.4203.4Saint Kitts and Nevis
76%
545.2133.5Tajikistan
76%
459.1282.5Tanzania
76%
Wellington
76%
438310Zambia
76%
Abu Dhabi
75%
326.7206.9Cape Verde
75%
Caracas
75%
466.3209.2Eritrea
75%
406.5264Gabon
75%
Jakarta
75%
Kingston
75%
Kingstown
75%
La Paz or Sucre
75%
359.2239.6Liberia
75%
Montevideo
75%
Pyongyang
75%
Riga
75%
506.5276Seychelles
75%
354.0232.9Sierra Leone
75%
Tallinn
75%
Tehran
75%
Zagreb
75%
Belgrade
74%
Bratislava
74%
638.6246.1Brunei
74%
664.3290.8East Timor
74%
344216Gambia
74%
241.6220.6Grenada
74%
347.7220.3Guinea-Bissau
74%
Islamabad
74%
Kabul
74%
456.0307.0Malawi
74%
Manila
74%
760.6232.2Marshall Islands
74%
510.1329.1Mauritius
74%
Quito
74%
242.7216.8Saint Vincent and the
Grenadines
74%
802.8307.7Samoa
74%
San Salvador
74%
Sarajevo
74%
798.1328.7Tonga
74%
447.8272.6Burundi
73%
Damascus
73%
404.0255.8Equatorial Guinea
73%
717.7235.2Federated States of
Micronesia
73%
21.0272.0Kiribati
73%
Ljubljana
73%
680.5241.3Palau
73%
Sao Tome
73%
395.5260.6São Tomé and Príncipe
73%
742.1295.0Solomon Islands
73%
Tirana
73%
Valletta
73%
759318.6Vanuatu
73%
Vilnius
73%
Andorra la Vella
72%
479.4301.4Comoros
72%
Georgetown
72%
Hanoi
72%
Kuala Lumpur
72%
444.0360.5Lesotho
72%
Nairobi
72%
Nassau
72%
755264Nauru
72%
Nicosia
72%
Port-au-Prince
72%
Skopje
72%
785295.3Tuvalu
72%
Ulaanbaatar
72%
Vaduz
72%
Amman
71%
Asuncion
71%
Baku
71%
Beirut
71%
Chisinau
71%
Doha
71%
451.3350.1Eswatini
71%
Kathmandu
71%
Rabat
71%
Riyadh
71%
San Jose
71%
Taipei
71%
Dhaka
70%
Pristina
70%
Tripoli
70%
Male
69%
Nur-Sultan
69%
Podgorica
69%
Port-of-Spain
69%
Sana'a
69%
Addis Ababa
68%
Dakar
68%
Managua
68%
Muscat
68%
Paramaribo
68%
Santo Domingo
68%
Tbilisi
68%
Phnom Penh
67%
Belmopan
66%
Bridgetown
66%
Freetown
66%
Mogadishu
66%
Saint John's
66%
Tashkent
66%
Victoria
66%
Yerevan
66%
Abuja
65%
Accra
65%
Bissau
65%
Dili
65%
Kinshasa
65%
Manama
65%
Saint George's
65%
Bishkek
64%
Brazzaville
64%
Juba
64%
Khartoum
64%
Luanda
64%
Port Moresby
64%
Vientiane
64%
Antananarivo
63%
Ashgabat
63%
Harare
63%
Roseau
63%
Windhoek
63%
Port Louis
62%
Thimphu
62%
Castries
61%
Kampala
61%
Lome
61%
Lusaka
61%
Suva
61%
Tegucigalpa
61%
Dushanbe
60%
Kigali
60%
Libreville
60%
Maputo
60%
Monrovia
60%
Praia
60%
Bandar Seri Begawan
59%
Basseterre
59%
Dodoma
59%
Gaborone
59%
Naypyidaw
59%
N'Djamena
59%
Niamey
59%
Ouagadougou
59%
Porto-Novo or Cotonou
59%
Sri Jayawardenapura Kotte
59%
Yaounde
59%
Apia
58%
Asmara
58%
Bamako
58%
Bangui
58%
Banjul
58%
Conakry
58%
Port Vila
58%
Lilongwe
57%
Moroni
57%
Nouakchott
57%
Maseru
56%
Mbabane
56%
Funafuti
55%
Gitega
55%
Malabo
55%
Yamoussoukro
55%
Yaren
55%
Honiara
54%
Nuku'alofa
54%
Majuro
53%
South Tarawa
53%
Palikir
52%
Ngerulmud
49%

Score Distribution

Percentile by Number Answered

Percent of People with Each Score

Your Score History

You have not taken this quiz